[Event "St Jean op"]
[Site "St Jean sur Richelieu"]
[Date "2012.06.08"]
[Round "1"]
[White "Masse, Hugues"]
[Black "Chiffot, Nicolas"]
[Result "1-0"]
[WhiteElo "2297"]
[BlackElo "1978"]
[PlyCount "93"]
[EventDate "2012.06.08"]
[EventType "swiss"]
[EventRounds "5"]
[EventCountry "CAN"]
[SourceTitle "EXT 2022"]
[Source "ChessBase"]
[SourceDate "2021.10.06"]
[SourceVersion "1"]
[SourceVersionDate "2021.10.06"]
[SourceQuality "1"]

1. d4 Nf6 2. c4 g6 3. g3 d5 4. cxd5 Nxd5 5. Bg2 Bg7 6. Nf3 Nc6 7. Nc3 Nb6 8. e3 0-0 9. 0-0 a5 10. d5 Nb4 11. e4 e6 12. a3 Na6 13. Bg5 Bf6 14. Bxf6 Qxf6 15. Qd4 Qxd4 16. Nxd4 exd5 17. exd5 Nc4 18. b3 Nd6 19. Rac1 Bd7 20. Ne4 Nxe4 21. Bxe4 Rad8 22. Rc4 Rfe8 23. Bg2 Re7 24. Rfc1 Rde8 25. Nc2 b6 26. Ne3 Bb5 27. R4c3 a4 28. b4 Kg7 29. Bf3 f5 30. Kg2 Rd8 31. Nc2 Be2 32. Bxe2 Rxe2 33. Nd4 Ree8 34. Ne6+ Kf7 35. Nxd8+ Rxd8 36. Rd1 c5 37. bxc5 Nxc5 38. d6 Rd7 39. Rc4 Ne4 40. f3 b5 41. Rc7 Nf6 42. Re1 Kf8 43. Rxd7 Nxd7 44. Rb1 Kf7 45. Rxb5 Ke6 46. Ra5 Kxd6 47. Rxa4 1-0

[Event "Montcalm-ch 2010-11"]
[Site "Quebec"]
[Date "2011.05.20"]
[Round "4"]
[White "Chiffot, Nicolas"]
[Black "Cummins, Paul"]
[Result "1-0"]
[WhiteElo "2069"]
[BlackElo "1803"]
[PlyCount "61"]
[EventDate "2011.04.28"]
[EventType "tourn"]
[EventRounds "5"]
[EventCountry "CAN"]
[SourceTitle "EXT 2022"]
[Source "ChessBase"]
[SourceDate "2021.10.06"]
[SourceVersion "1"]
[SourceVersionDate "2021.10.06"]
[SourceQuality "1"]

1. d4 Nf6 2. c4 e6 3. Nc3 Bb4 4. e3 c5 5. Nge2 Ne4 6. Qc2 f5 7. a3 Bxc3+ 8. Nxc3 Nxc3 9. Qxc3 Qf6 10. b4 cxd4 11. exd4 0-0 12. Bb2 d6 13. Be2 Nd7 14. 0-0 Nb6 15. a4 Bd7 16. Qb3 d5 17. c5 Nc8 18. b5 Ne7 19. Rfc1 Rac8 20. a5 f4 21. a6 b6 22. cxb6 axb6 23. Rxc8 Rxc8 24. a7 Ra8 25. Qc3 Nc8 26. Qc7 Qf7 27. Qb7 Rxa7 28. Rxa7 Nxa7 29. Qxa7 Be8 30. Qxf7+ Kxf7 31. Ba3 1-0

[Event "Trois-Rivieres Mauricie op"]
[Site "Trois Rivieres"]
[Date "2011.03.20"]
[Round "5"]
[White "Chiffot, Nicolas"]
[Black "Chiku Ratte, Olivier Kenta"]
[Result "1/2-1/2"]
[WhiteElo "1994"]
[BlackElo "2056"]
[PlyCount "131"]
[EventDate "2011.03.18"]
[EventType "swiss"]
[EventRounds "5"]
[EventCountry "CAN"]
[SourceTitle "EXT 2022"]
[Source "ChessBase"]
[SourceDate "2021.10.06"]
[SourceVersion "1"]
[SourceVersionDate "2021.10.06"]
[SourceQuality "1"]

1. e4 c5 2. Nc3 Nc6 3. g3 g6 4. Bg2 Bg7 5. d3 d6 6. Be3 e6 7. Qd2 Nge7 8. Bh6 0-0 9. h4 f5 10. h5 Qe8 11. hxg6 Qxg6 12. 0-0-0 Rb8 13. Bxg7 Kxg7 14. Nh3 e5 15. Rh2 h6 16. Rdh1 Rf6 17. Ng1 f4 18. gxf4 exf4 19. Nd5 Nxd5 20. exd5 Ne5 21. Be4 Qf7 22. Ne2 Bg4 23. Rg1 Kf8 24. Rh4 h5 25. Nc3 Ke7 26. d4 cxd4 27. Qxd4 b6 28. Re1 Kf8 29. Nb5 Qe7 30. Nc3 Qg7 31. Rg1 Qg5 32. Rhh1 f3+ 33. Qd2 Qxd2+ 34. Kxd2 Kf7 35. Bd3 Nxd3 36. Kxd3 Re8 37. Re1 Rxe1 38. Rxe1 h4 39. Rh1 Rh6 40. Ke3 Kg6 41. Nb5 Kg5 42. Nd4 Rh8 43. Nxf3+ Bxf3 44. Kxf3 Rf8+ 45. Kg2 Rf5 46. c4 Rf4 47. b3 Rd4 48. Rh3 Rd2 49. a4 a5 50. Re3 Kg4 51. Re4+ Kg5 52. Re6 h3+ 53. Kxh3 Rxf2 54. Rxd6 Rf3+ 55. Kg2 Rxb3 56. Rc6 Rb4 57. d6 Kf6 58. Kf3 Ke6 59. Ke4 Rxa4 60. Rxb6 Rxc4+ 61. Kd3 Rc8 62. Ra6 Rc5 63. Kd4 Rd5+ 64. Kc4 Rxd6 65. Rxd6+ Kxd6 66. Kb5 1/2-1/2

[Event "Trois-Rivieres Mauricie op"]
[Site "Trois Rivieres"]
[Date "2011.03.19"]
[Round "3"]
[White "Doubleday, William G"]
[Black "Chiffot, Nicolas"]
[Result "1/2-1/2"]
[WhiteElo "2100"]
[BlackElo "1994"]
[PlyCount "65"]
[EventDate "2011.03.18"]
[EventType "swiss"]
[EventRounds "5"]
[EventCountry "CAN"]
[SourceTitle "EXT 2022"]
[Source "ChessBase"]
[SourceDate "2021.10.06"]
[SourceVersion "1"]
[SourceVersionDate "2021.10.06"]
[SourceQuality "1"]

1. d4 d5 2. c4 e6 3. Nc3 Be7 4. Nf3 Nf6 5. Bf4 0-0 6. e3 b6 7. Bd3 Bb7 8. 0-0 c5 9. cxd5 cxd4 10. d6 dxc3 11. dxe7 Qxe7 12. bxc3 Rd8 13. Qe2 Nbd7 14. Bg5 Qc5 15. Bxf6 Nxf6 16. Ba6 Rd7 17. Bxb7 Rxb7 18. Rac1 Rc8 19. Rfd1 Qa3 20. Qc2 Rbc7 21. Qb3 Qa5 22. h3 h6 23. c4 b5 24. Rd4 Nd7 25. Ne5 Nb6 26. c5 Rxc5 27. Rxc5 Rxc5 28. Rd8+ Kh7 29. Qd3+ f5 30. Qd6 Rd5 31. Qxe6 Rxd8 32. Qxf5+ Kg8 33. Qe6+ 1/2-1/2

[Event "Quebec Montcalm op 5 2010-11"]
[Site "Quebec"]
[Date "2011.03.10"]
[Round "4"]
[White "Chiffot, Nicolas"]
[Black "Caire, Francois"]
[Result "1/2-1/2"]
[WhiteElo "1994"]
[BlackElo "2241"]
[PlyCount "61"]
[EventDate "2011.02.16"]
[EventType "swiss"]
[EventRounds "5"]
[EventCountry "CAN"]
[SourceTitle "EXT 2022"]
[Source "ChessBase"]
[SourceDate "2021.10.06"]
[SourceVersion "1"]
[SourceVersionDate "2021.10.06"]
[SourceQuality "1"]

1. d4 Nf6 2. c4 e5 3. dxe5 Ng4 4. Bf4 Nc6 5. Nf3 Bb4+ 6. Nbd2 Qe7 7. a3 Ngxe5 8. Nxe5 Nxe5 9. e3 Bxd2+ 10. Qxd2 d6 11. Be2 0-0 12. 0-0 b6 13. Rfd1 Bb7 14. Qc3 Rfe8 15. Rd2 a5 16. Rad1 a4 17. Bxe5 Qxe5 18. Qxe5 Rxe5 19. Rd4 Bc6 20. R1d2 Rae8 21. Bd1 R8e6 22. h3 Rc5 23. Be2 Rg6 24. g3 Rh6 25. Bf1 Bd7 26. h4 Bc6 27. Bg2 Bxg2 28. Kxg2 Re6 29. e4 Kf8 30. f4 f6 31. Kf3 1/2-1/2

[Event "Quebec Montcalm op"]
[Site "Quebec"]
[Date "2011.01.08"]
[Round "2"]
[White "Rainfray, Arnaud"]
[Black "Chiffot, Nicolas"]
[Result "1-0"]
[WhiteElo "2388"]
[BlackElo "2009"]
[PlyCount "73"]
[EventDate "2011.01.07"]
[EventType "swiss"]
[EventRounds "5"]
[EventCountry "CAN"]
[SourceTitle "EXT 2022"]
[Source "ChessBase"]
[SourceDate "2021.10.06"]
[SourceVersion "1"]
[SourceVersionDate "2021.10.06"]
[SourceQuality "1"]

1. Nf3 Nf6 2. c4 e6 3. g3 b6 4. Bg2 Bb7 5. 0-0 c5 6. b3 Be7 7. Bb2 0-0 8. d4 cxd4 9. Qxd4 Nc6 10. Qf4 d5 11. Rd1 Qc8 12. Nbd2 Nh5 13. Qe3 Bf6 14. Bxf6 Nxf6 15. Rac1 Rd8 16. cxd5 Nxd5 17. Qe4 Nf6 18. Qb1 Qd7 19. e4 Qd3 20. Qxd3 Rxd3 21. e5 Nd5 22. Ne4 Rxd1+ 23. Rxd1 Ba6 24. Rc1 Ncb4 25. Nd6 Nd3 26. Rd1 Rd8 27. Bf1 Nxe5 28. Nxe5 Bxf1 29. Ndxf7 Be2 30. Rd2 Rf8 31. Rxe2 Rxf7 32. Nxf7 Kxf7 33. f4 Kf6 34. Kf2 h5 35. Kf3 Kf5 36. Re5+ Kf6 37. Rxh5 1-0

[Event "Quebec-ch Elite"]
[Site "Montreal"]
[Date "2010.10.11"]
[Round "6"]
[White "Chiffot, Nicolas"]
[Black "Libersan, Thierry"]
[Result "1/2-1/2"]
[WhiteElo "2048"]
[BlackElo "2101"]
[PlyCount "121"]
[EventDate "2010.10.08"]
[EventType "swiss"]
[EventRounds "7"]
[EventCountry "CAN"]
[SourceTitle "EXT 2013"]
[Source "ChessBase"]
[SourceDate "2012.11.22"]
[SourceVersion "1"]
[SourceVersionDate "2012.11.22"]
[SourceQuality "1"]

1. d4 Nf6 2. c4 g6 3. Nc3 Bg7 4. Nf3 d6 5. g3 0-0 6. Bg2 Nbd7 7. 0-0 c6 8. h3 Re8 9. e4 e5 10. Re1 Qc7 11. Be3 exd4 12. Nxd4 Nc5 13. Qc2 a5 14. Rad1 Nfd7 15. f4 a4 16. Ndb5 cxb5 17. Nxb5 Qa5 18. Nxd6 Re6 19. e5 Nxe5 20. fxe5 Bxe5 21. Nxc8 Rxc8 22. Bd5 Re7 23. Kg2 Qc7 24. Qf2 Ne6 25. Bb6 Bxg3 26. Bxc7 Bxf2 27. Bd6 Bxe1 28. Bxe7 Ba5 29. Bf6 Nf4+ 30. Kf3 Nxd5 31. cxd5 Bd8 32. Bc3 a3 33. Re1 Bg5 34. Kg4 Bh6 35. d6 Rd8 36. Rd1 f5+ 37. Kf3 axb2 38. Bxb2 Kf7 39. Ba3 Bf8 40. Rd3 b6 41. Kf4 Ke6 42. Re3+ Kd7 43. Rd3 Bh6+ 44. Ke5 Bg7+ 45. Kd5 Re8 46. Rb3 Re5+ 47. Kc4 b5+ 48. Rxb5 Rxb5 49. Kxb5 Be5 50. Bc1 f4 51. Kc4 f3 52. Kd3 f2 53. Ke2 Bg3 54. Be3 Kxd6 55. Bxf2 Be5 56. Kf3 Kd5 57. Kg4 Bf6 58. Bh4 h5+ 59. Kg3 g5 60. Bxg5 Bxg5 61. Kf3 1/2-1/2

[Event "Montcalm-ch 2009-10"]
[Site "Quebec"]
[Date "2010.05.13"]
[Round "3"]
[White "Sauve, Richard"]
[Black "Chiffot, Nicolas"]
[Result "0-1"]
[WhiteElo "1985"]
[BlackElo "2080"]
[PlyCount "88"]
[EventDate "2010.04.29"]
[EventType "tourn"]
[EventRounds "5"]
[EventCountry "CAN"]
[SourceTitle "EXT 2022"]
[Source "ChessBase"]
[SourceDate "2021.10.06"]
[SourceVersion "1"]
[SourceVersionDate "2021.10.06"]
[SourceQuality "1"]

1. d4 Nf6 2. c4 g6 3. Nc3 d5 4. cxd5 Nxd5 5. e4 Nxc3 6. bxc3 Bg7 7. Bd3 c5 8. Ne2 Qa5 9. 0-0 0-0 10. Be3 Nc6 11. Rb1 b6 12. Rb5 Qxa2 13. dxc5 Ba6 14. Rb1 Bxd3 15. Qxd3 Ne5 16. Qb5 a6 17. Qb2 Qxb2 18. Rxb2 Nc4 19. Rxb6 Nxb6 20. cxb6 Rfb8 21. c4 Rb7 22. c5 Rc8 23. Rd1 Bb2 24. Nf4 e5 25. Nd5 a5 26. Bh6 Bd4 27. Nf6+ Kh8 28. Be3 Rxc5 29. Bxd4 exd4 30. Nd5 a4 31. Kf1 f5 32. f3 fxe4 33. fxe4 Rc2 34. Rxd4 a3 35. Rd1 Rf7+ 36. Ke1 Rff2 37. Ra1 Rxg2 38. Kf1 Rxh2 39. Kg1 Rcg2+ 40. Kf1 Rb2 41. Kg1 a2 42. b7 Rhc2 43. Ne3 Rb1+ 44. Nf1 Rxb7 0-1

[Event "Quebec-ch Elite qual"]
[Site "Montreal"]
[Date "2010.05.09"]
[Round "4"]
[White "Chiffot, Nicolas"]
[Black "Gauthier, Denis"]
[Result "1-0"]
[WhiteElo "2100"]
[BlackElo "1867"]
[PlyCount "57"]
[EventDate "2010.05.07"]
[EventType "swiss"]
[EventRounds "5"]
[EventCountry "CAN"]
[SourceTitle "EXT 2013"]
[Source "ChessBase"]
[SourceDate "2012.11.22"]
[SourceVersion "1"]
[SourceVersionDate "2012.11.22"]
[SourceQuality "1"]

1. d4 Nf6 2. c4 e6 3. Nf3 Bb4+ 4. Bd2 Qe7 5. Nc3 b6 6. g3 Bb7 7. Bg2 0-0 8. 0-0 a5 9. Rc1 d6 10. Bg5 Bxc3 11. Rxc3 h6 12. Bxf6 Qxf6 13. c5 Bd5 14. Nh4 Bxg2 15. Kxg2 dxc5 16. dxc5 Rd8 17. Qb3 a4 18. Qc2 Na6 19. cxb6 cxb6 20. Qxa4 Nc5 21. Qb5 Rxa2 22. Rfc1 Ne4 23. Rf3 Qxb2 24. Qxb2 Rxb2 25. Rc7 Nf6 26. Ra3 Nd5 27. Rb7 Rxe2 28. Raa7 Rf8 29. Ng6 1-0

[Event "Quebec Montcalm op 4th"]
[Site "Quebec"]
[Date "2010.01.28"]
[Round "3"]
[White "Chiffot, Nicolas"]
[Black "Lessard, Claude"]
[Result "0-1"]
[WhiteElo "2006"]
[BlackElo "2088"]
[PlyCount "44"]
[EventDate "2010.01.14"]
[EventType "tourn"]
[EventRounds "5"]
[EventCountry "CAN"]
[SourceTitle "EXT 2011"]
[Source "ChessBase"]
[SourceDate "2010.11.26"]
[SourceVersion "1"]
[SourceVersionDate "2010.11.26"]
[SourceQuality "1"]

1. d4 Nf6 2. Nf3 g6 3. c4 Bg7 4. Nc3 0-0 5. e4 d6 6. Be2 e5 7. 0-0 Nc6 8. d5 Ne7 9. b4 Ne8 10. a4 f5 11. Nd2 f4 12. c5 g5 13. Nc4 Ng6 14. Ba3 Nh4 15. f3 h5 16. b5 Rf6 17. Kh1 Rg6 18. a5 g4 19. fxg4 hxg4 20. b6 Nxg2 21. Kxg2 Qh4 22. Bxg4 Bxg4 0-1

[Event "Quebec Montcalm op"]
[Site "Quebec"]
[Date "2010.01.10"]
[Round "5"]
[White "Bolduc, Steve"]
[Black "Chiffot, Nicolas"]
[Result "1-0"]
[WhiteElo "2285"]
[BlackElo "2023"]
[PlyCount "35"]
[EventDate "2010.01.08"]
[EventType "swiss"]
[EventRounds "5"]
[EventCountry "CAN"]
[SourceTitle "EXT 2022"]
[Source "ChessBase"]
[SourceDate "2021.10.06"]
[SourceVersion "1"]
[SourceVersionDate "2021.10.06"]
[SourceQuality "1"]

1. d4 d5 2. Nf3 Nf6 3. c4 e6 4. g3 dxc4 5. Bg2 c5 6. 0-0 Nc6 7. Ne5 Nxe5 8. dxe5 Qxd1 9. Rxd1 Nd5 10. Na3 c3 11. Nb5 a6 12. Nxc3 Nxc3 13. bxc3 Be7 14. Rb1 Rb8 15. Bc6+ Kf8 16. Be3 f6 17. Bxc5 fxe5 18. Rd8+ 1-0

[Event "Quebec-ch Elite qual"]
[Site "Montreal"]
[Date "2010.??.??"]
[Round "2"]
[White "Chiffot, Nicolas"]
[Black "Clyde, Jordan"]
[Result "1/2-1/2"]
[WhiteElo "2100"]
[BlackElo "1899"]
[PlyCount "46"]
[EventDate "2010.05.07"]
[EventType "swiss"]
[EventRounds "5"]
[EventCountry "CAN"]
[SourceTitle "EXT 2013"]
[Source "ChessBase"]
[SourceDate "2012.11.22"]
[SourceVersion "1"]
[SourceVersionDate "2012.11.22"]
[SourceQuality "1"]

1. e4 c5 2. Nf3 g6 3. d4 cxd4 4. Nxd4 Bg7 5. c4 d6 6. Nc3 Nf6 7. Be2 Nc6 8. 0-0 0-0 9. h3 Nxe4 10. Nxc6 Nxc3 11. Nxd8 Nxd1 12. Nxf7 Bxb2 13. Bxb2 Nxb2 14. Ng5 Rf5 15. Nf3 Rc5 16. Rfe1 e5 17. Nd2 Bf5 18. g4 Bd3 19. Bxd3 Nxd3 20. Re3 Nf4 21. Ne4 Rc6 22. Rd1 Rd8 23. Nf6+ Kg7 1/2-1/2

[Event "Charlesbourg Olympiad"]
[Site "Charlesbourg"]
[Date "2009.10.12"]
[Round "1"]
[White "Chiffot, Nicolas"]
[Black "Laflamme, Simon"]
[Result "1-0"]
[WhiteElo "1946"]
[BlackElo "1906"]
[PlyCount "57"]
[EventDate "2009.10.12"]
[EventType "team"]
[EventRounds "6"]
[EventCountry "CAN"]
[SourceTitle "EXT 2011"]
[Source "ChessBase"]
[SourceDate "2010.11.26"]
[SourceVersion "1"]
[SourceVersionDate "2010.11.26"]
[SourceQuality "1"]

1. e4 d5 2. exd5 Qxd5 3. d4 Nf6 4. Nf3 c6 5. c4 Qa5+ 6. Bd2 Qc7 7. Qc2 Nbd7 8. Nc3 e5 9. 0-0-0 exd4 10. Re1+ Be7 11. Nxd4 Nc5 12. f3 0-0 13. g4 Bd6 14. Nce2 Ne6 15. Nf5 Be5 16. Bc3 Bxc3 17. Qxc3 Nf4 18. Neg3 Be6 19. Rg1 b5 20. Nxg7 Qe7 21. N7f5 Qd8 22. Rd1 b4 23. Qe5 Qb8 24. Ne7+ Kg7 25. Qg5+ Ng6 26. Nh5+ Nxh5 27. gxh5 Qc7 28. hxg6 Kh8 29. Qf6# 1-0

[Event "Charlesbourg Olympiade"]
[Site "Charlesbourg"]
[Date "2007.10.22"]
[Round "3"]
[White "Laflamme, Simon"]
[Black "Chiffot, Nicolas"]
[Result "1/2-1/2"]
[WhiteElo "1903"]
[BlackElo "1905"]
[PlyCount "44"]
[EventDate "2007.10.08"]
[EventType "swiss"]
[EventRounds "6"]
[EventCountry "CAN"]
[SourceTitle "EXT 2022"]
[Source "ChessBase"]
[SourceDate "2021.10.06"]
[SourceVersion "1"]
[SourceVersionDate "2021.10.06"]
[SourceQuality "1"]

1. e4 a6 2. d4 b5 3. Bd3 Bb7 4. Nf3 e6 5. 0-0 c5 6. c3 Nf6 7. Qe2 Be7 8. Bg5 c4 9. Bc2 d5 10. e5 Nfd7 11. Bxe7 Qxe7 12. Nbd2 Nc6 13. Ne1 Nb6 14. f4 b4 15. f5 exf5 16. Qe3 f6 17. Nef3 Rc8 18. Rae1 fxe5 19. Nxe5 Nd7 20. Ng4 Qxe3+ 21. Rxe3+ Ne7 22. Nf3 Nb6 1/2-1/2